Spell the Marvel Character #324 - Statistics

General Stats
  • This quiz has been taken 9 times
  • The average score is 10 of 13
Answer Stats
Picture Answer % Correct
Captain Marvel
100%
Iron Man
100%
Nova
100%
Ka-Zar
89%
Polaris
89%
U-Go Girl
89%
Ulysses Bloodstone
89%
Hepzibah
78%
Koi Boi
78%
Chipmunk Hunk
56%
Namorita
56%
Human Robot
44%
Magma
44%
No matching quizzes found
Score Distribution
Percent of People with Each Score
Percentile by Number Answered
Your Score History
You have not taken this quiz